Central Library OPAC University of Rajshahi

شعرالعجم / Shiʻrʹal-ʻajam / (Record no. 84567)

MARC details
000 -LEADER
fixed length control field 00666nam a22002177a 4500
001 - CONTROL NUMBER
control field 84567
003 - CONTROL NUMBER IDENTIFIER
rucl marc code BD-RjUL
005 - DATE AND TIME OF LATEST TRANSACTION
control field 20250904123954.0
008 - FIXED-LENGTH DATA ELEMENTS--GENERAL INFORMATION
fixed length control field 250101s1918 ii ||||| |||| 00| 0 urd d
035 ## - SYSTEM CONTROL NUMBER
System control number (BD-RjUL) 84567
040 ## - CATALOGING SOURCE
Original cataloging agency BD-RjUL
Language of cataloging eng
Transcribing agency BD-RjUL
041 ## - LANGUAGE CODE
Language code of text/sound track or separate title urd
082 ## - DEWEY DECIMAL CLASSIFICATION NUMBER
Edition number 23
Classification number 891.55109
Author mark and year NOS 1918
100 ## - MAIN ENTRY--PERSONAL NAME
Personal name Nomani, Shibli
245 10 - TITLE STATEMENT
Title شعرالعجم / Shiʻrʹal-ʻajam /
Statement of responsibility, etc. شبلی نعمانی. ;;; Shiblī Nuʻmānī ;
260 ## - PUBLICATION, DISTRIBUTION, ETC. (IMPRINT)
Place of publication, distribution, etc. :(ہند)، دہلی
Name of publisher, distributor, etc. , انجمن ترقی اردو
300 ## - PHYSICAL DESCRIPTION
Pagination V. ;
Size 18 cm
505 ## - FORMATTED CONTENTS NOTE
Formatted contents note Vol. 2.--v-4.--v-5.--
650 ## - SUBJECT ADDED ENTRY--TOPICAL TERM
Topical term or geographic name as entry element Persian poetry
Form subdivision History and criticism
9 (RLIN) 12777
942 ## - ADDED ENTRY ELEMENTS (KOHA)
Source of classification or shelving scheme Dewey Decimal Classification
Koha item type Books
Holdings
Lost status Source of classification or shelving scheme Damaged status Not for loan Collection code Permanent Location Current Location Shelving location Date acquired Total Checkouts Full call number Date last seen Copy number Koha item type Source of acquisition Cost, normal purchase price
  Dewey Decimal Classification   Not For Loan Non-fiction Central Library, University of Rajshahi Central Library, University of Rajshahi Reading Room 01/01/2025   U 891.55109 NOS V-5 1918 01/01/2025 C-1 Books    
  Dewey Decimal Classification   Not For Loan Non-fiction Central Library, University of Rajshahi Central Library, University of Rajshahi Reading Room 03/09/2025   U 891.55109 NOS V-2 1918 03/09/2025 C-1 Books Sh. Mubarak ali 15.50
  Dewey Decimal Classification   Not For Loan Non-fiction Central Library, University of Rajshahi Central Library, University of Rajshahi Reading Room 04/09/2025   U 891.55109 NOS V-3 1918 04/09/2025 C-1 Books    
  Dewey Decimal Classification     Non-fiction Central Library, University of Rajshahi Central Library, University of Rajshahi General Stacks 08/10/2025   U 891.55109 NOS V-5 1918 08/10/2025 C-2 Books